| 000 | 01317nam a2200265Ia 4500 | ||
|---|---|---|---|
| 999 |
_c52969 _d52969 |
||
| 001 | 20000 | ||
| 003 | GE_BSU | ||
| 005 | 20250319162337.0 | ||
| 008 | 181216s1978||||ge |||||||||||||| ||geo|| | ||
| 040 | _cGE_BSU | ||
| 041 | _ageo | ||
| 080 | _a821.111-31 რ-57 | ||
| 100 |
_aრიდი, თომას მაინ _919279 |
||
| 245 |
_aთხზულებანი : 8 ტომად. ტ. 8, კვარტერონი : _bრომანი / _cთომას მაინ რიდი ; ინგლ. თარგმნა ვ. ტატიშვილმა ; [სარედ. კოლ.: გ. გაჩეჩილაძე, ლ. გოგოხია, ელგ. მაღრაძე და სხვ.] |
||
| 264 |
_aთბილისი : _bნაკადული, _c1978. |
||
| 300 |
_a334 გვ. ; _c18 სმ. |
||
| 541 | _h7 ლ. | ||
| 653 | _aთხზულებანი | ||
| 653 | _aკვარტერონი | ||
| 700 |
_aტატიშვილი, ვ. _eმთარგმნელი _914731 |
||
| 700 |
_aგოგოხია, ლ. _eრედაქტორი _910203 |
||
| 700 |
_aგაჩეჩილაძე, გ. _eრედაქტორი _9397 |
||
| 700 |
_aმაღრაძე, ელგ. _eრედაქტორი _924614 |
||
| 942 |
_cBK _2udc |
||